000 01304 a2200325 4500
001 000
003 000
005 20251017115144.0
020 _a9781630577322
035 _a15252805
040 _aDLC
_cDLC
_dDLC
_erda
050 0 0 _aT 353 .S55
082 0 0 _a620/.00420285536
_222
100 1 _aShih, Randy H.
245 1 0 _aParametric Modeling with Autodesk Inventor 2026 :
_cby Randy H. Shih
264 _aMission
_bSDC Publications
_c2025
300 _axx,
_bill. ;
336 _atext
_btxt
_2rdacontent
337 _aunmediated
_bn
_2rdamedia
338 _avolume
_bnc
_2rdacarrier
500 _aIncludes index.
630 0 0 _aAutodesk Inventor (Electronic resource)
650 0 _aEngineering graphics.
650 0 _aEngineering models
_xData processing.
856 4 1 _3Table of contents only
_uhttp://www.loc.gov/catdir/toc/ecip0815/2008016201.html
906 _a7
_bcbc
_corignew
_d1
_eecip
_f20
_gy-gencatlg
942 _2lcc
_cBK
999 _c43895
_d43895